Probability, random variables and random processes / (Record no. 19919)

MARC details
000 -LEADER
fixed length control field 01447cam a22003495i 4500
001 - CONTROL NUMBER
control field 17855499
003 - CONTROL NUMBER IDENTIFIER
control field EG-ScBUE
005 - DATE AND TIME OF LATEST TRANSACTION
control field 20250303110459.0
008 - FIXED-LENGTH DATA ELEMENTS--GENERAL INFORMATION
fixed length control field 130816t2014 nyua f 001 0 eng d
020 ## - INTERNATIONAL STANDARD BOOK NUMBER
International Standard Book Number 9780071822985 (pbk.)
020 ## - INTERNATIONAL STANDARD BOOK NUMBER
International Standard Book Number 0071822984 (pbk.)
040 ## - CATALOGING SOURCE
Original cataloging agency EG-ScBUE
Language of cataloging eng
Description conventions rda
Transcribing agency EG-ScBUE
Modifying agency EG-ScBUE
082 04 - DEWEY DECIMAL CLASSIFICATION NUMBER
Classification number 519.2
Item number HSU
Edition number 22
100 1# - MAIN ENTRY--PERSONAL NAME
Personal name Hsu, Hwei P.
Fuller form of name (Hwei Piao),
Dates associated with a name 1930-
Relator term author.
9 (RLIN) 5932
245 10 - TITLE STATEMENT
Title Probability, random variables and random processes /
Statement of responsibility, etc Hwei P. Hsu., Ph.D.
250 ## - EDITION STATEMENT
Edition statement Third edition.
264 #1 - PUBLICATION, DISTRIBUTION, ETC. (IMPRINT)
Place of publication, distribution, etc New York :
Name of publisher, distributor, etc McGraw-Hill Education,
Date of publication, distribution, etc [2014]
264 #4 - PUBLICATION, DISTRIBUTION, ETC. (IMPRINT)
Date of publication, distribution, etc c2014
300 ## - PHYSICAL DESCRIPTION
Extent ix, 422 pages :
Other physical details illustrations ;
Dimensions 28 cm.
336 ## - CONTENT TYPE
Source rdacontent
Content type term text
Content type code txt
337 ## - MEDIA TYPE
Source rdamedia
Media type term unmediated
Media type code n
338 ## - CARRIER TYPE
Source rdacarrier
Carrier type term volume
Carrier type code nc
490 0# - SERIES STATEMENT
Series statement Schaum's outline series
500 ## - GENERAL NOTE
General note Previous edition : 2011.
500 ## - GENERAL NOTE
General note Includes index.<br/>
500 ## - GENERAL NOTE
General note Includes appendix.<br/>
520 ## - SUMMARY, ETC.
Summary, etc With 405 fully-solved problems plus 23 problem-solving videos available online, this guide may be used with the following courses: Probability, Random Processes, Stochastic Processes, Probability and Random Variables, and Introduction to Probability and Statistics.--
650 #7 - SUBJECT ADDED ENTRY--TOPICAL TERM
Topical term or geographic name as entry element Probabilities
Form subdivision Problems, exercises, etc.
Source of heading or term BUEsh
9 (RLIN) 41266
650 #7 - SUBJECT ADDED ENTRY--TOPICAL TERM
Topical term or geographic name as entry element Stochastic processes
Form subdivision Problems, exercises, etc.
Source of heading or term BUEsh
653 ## - INDEX TERM--UNCONTROLLED
Resource For college Engineering, General
-- Informatics and Computer Science
Arrived date list June2015
-- August2015
-- October2015
942 ## - ADDED ENTRY ELEMENTS (KOHA)
Source of classification or shelving scheme Dewey Decimal Classification
Koha item type Book - Borrowing
Holdings
Withdrawn status Lost status Source of classification or shelving scheme Damaged status Not for loan Collection code Home library Current library Shelving location Date acquired Source of acquisition Cost, normal purchase price Serial Enumeration / chronology Total Checkouts Full call number Barcode Date last seen Cost, replacement price Koha item type
    Dewey Decimal Classification     Alahram Central Library Central Library First floor 24/06/2015 Purchase 165.00 337   519.2 HSU 000039111 15/07/2025 206.25 Book - Borrowing
    Dewey Decimal Classification     Baccah Central Library Central Library First floor 02/08/2015   176.00 21759   519.2 HSU 000039137 15/07/2025 220.00 Book - Borrowing